000 00322nam a22001457a 4500
008 230206b ||||| |||| 00| 0 eng d
020 _a9780321945525
041 _aeng
080 _213TH EDITION
_a51
082 _a51BAR
100 _a20
101 _aMATEM
245 _aFINITE MATHEMATICS
_cBARNETT
942 _2udc
_cBK
999 _c59316
_d59316